| 000 | 01016nam0a2200301 4500 | ||
|---|---|---|---|
| 001 | RU\NLR\bibl\1656483 | ||
| 005 | 20250616035321.0 | ||
| 010 |
_a978-5-91603-033-4 _91500 |
||
| 021 |
_aRU _b2010-46187 _93074 |
||
| 021 |
_aRU _b2010-71727 _94748 |
||
| 035 | _a(NLR Aleph) 001647783 | ||
| 090 |
_a902404 _c902404 |
||
| 100 | _a20100720d2010 |||y0rusy50 ca | ||
| 101 | 0 | _arus | |
| 102 | _aRU | ||
| 105 | _ay ||||||||| | ||
| 200 | 1 |
_aНемецкая историческая школа права _f[Friedrich Naumann Stiftung für die Freiheit] |
|
| 210 |
_aЧелябинск _cСоциум _d2010 |
||
| 215 |
_a516 c. _d22 |
||
| 320 | _aБиблиогр.: с. 217-225 и в подстроч. примеч. | ||
| 320 | _aУказ. имен: с. 511-516 | ||
| 606 | 1 |
_aПраво _jСборники _xИстория _yГермания _91614878 _3RU\NLR\auth\66711959 |
|
| 686 | _aХ2(4Г)я43 | ||
| 801 | 0 |
_aRU _bNLR _c20100720 _gRCR |
|
| 801 | 1 |
_aRU _bNLR _c20100720 |
|
| 942 | _cBOOK | ||
| 980 | _aNB | ||